MARC details
| 000 -CABECERA |
| campo de control de longitud fija |
01280nam a2200277 a 4500 |
| 001 - NÚMERO DE CONTROL |
| campo de control |
000022531 |
| 003 - IDENTIFICADOR DEL NÚMERO DE CONTROL |
| campo de control |
DO-SdBNP |
| 005 - FECHA Y HORA DE LA ÚLTIMA TRANSACCIÓN |
| campo de control |
20230202101634.0 |
| 007 - CAMPO FIJO DE DESCRIPCIÓN FÍSICA--INFORMACIÓN GENERAL |
| campo de control de longitud fija |
ta |
| 008 - DATOS DE LONGITUD FIJA--INFORMACIÓN GENERAL |
| campo de control de longitud fija |
101013s1993 dr a 000 0 spa d |
| 040 ## - FUENTE DE LA CATALOGACIÓN |
| Centro catalogador/agencia de origen |
DO-SdBNP |
| Lengua de catalogación |
spa |
| Centro/agencia transcriptor |
BNPHU |
| 082 ## - NÚMERO DE LA CLASIFICACIÓN DECIMAL DEWEY |
| Número de clasificación |
xxx |
| Número de documento/Ítem |
G216a 1993 |
| Número de edición |
22 |
| 100 1# - ENTRADA PRINCIPAL--NOMBRE DE PERSONA |
| Nombre de persona |
García, Alberto |
| 9 (RLIN) |
46385 |
| 245 10 - MENCIÓN DE TÍTULO |
| Título |
Aquí mando yo : |
| Resto del título |
una alternativa de esperanza / |
| Mención de responsabilidad, etc. |
Alberto García. |
| 250 ## - MENCIÓN DE EDICIÓN |
| Mención de edición |
3a ed. |
| 260 ## - PUBLICACIÓN, DISTRIBUCIÓN, ETC. |
| Lugar de publicación, distribución, etc. |
Santo Domingo : |
| Nombre del editor, distribuidor, etc. |
Amigo del Hogar, |
| Fecha de publicación, distribución, etc. |
1993. |
| 300 ## - DESCRIPCIÓN FÍSICA |
| Extensión |
136 p. : |
| Otras características físicas |
il. ; |
| Dimensiones |
21 cm. |
| 490 1# - MENCIÓN DE SERIE |
| Mención de serie |
Luz |
| Designación de volumen o secuencia |
3 |
| 500 ## - NOTA GENERAL |
| Nota general |
Incluye referencias bibliográficas y notas al pie de las páginas |
| 500 ## - NOTA GENERAL |
| Nota general |
Ilustraciones: “Mafalda ” de Quino |
| 505 0# - NOTA DE CONTENIDO CON FORMATO |
| Título |
Prólogo -- |
| -- |
Aquí mando yo -- |
| -- |
¿Libres, para que? -- |
| -- |
Se hace camino al andar |
| -- |
Explorando la caja de herramientas -- |
| -- |
Dime lo que piensas y te diré donde vas a parar -- |
| -- |
Al que por su gusto se ahorca la soga no le importa -- |
| -- |
La enfermedad mental es un deporte social -- |
| -- |
El camino de la salud -- |
| -- |
Estrategia a corto plazo -- |
| -- |
Todo es según el color del cristal con que se mira -- |
| -- |
No será mejor sentirse bien que sentirse mal -- |
| -- |
O a la catástrofe o al catastro. |
| 590 ## - NOTA LOCAL (RLIN) |
| Nota local |
Inventariado, 2020 /LP |
| 830 #0 - PUNTO DE ACCESO ADICIONAL DE SERIE-TÍTULO UNIFORME |
| Título uniforme |
Luz ; no. 3 |
| 9 (RLIN) |
46386 |
| 910 ## - DATOS DE OPCIÓN DEL USUARIO (OCLC) |
| Datos de opción del usuario |
LP |
| 942 ## - ELEMENTOS DE PUNTO DE ACCESO ADICIONAL (KOHA) |
| Fuente del sistema de clasificación o colocación |
Dewey Decimal Classification |
| Tipo de ítem Koha |
Libro |